000 00543nam a22001817a 4500
999 _c61013
_d61013
005 20231206164829.0
008 231206s1973 enk||||| |||| 00| 0 eng d
041 _aeng
080 _a930.85 M-17
100 _aMagi, Giovanna
_920606
245 _aAll Pompeii :
_bThe City Rediscovered /
_cGiovanna Magi.
264 _aNapoli,
_c1973.
300 _a64 p. :
_bill.;
_c25 cm.
653 _aქალაქი პომპეი
653 _aისტორია
653 _aარქეოლოგია
942 _2udc
_cᲬᲘᲒᲜᲘ